| 000 | 01076nam a22002777a 4500 | ||
|---|---|---|---|
| 999 |
_c64890 _d64890 |
||
| 005 | 20240530110756.0 | ||
| 008 | 190108s2018 ua a g b 000 0 ara d | ||
| 017 |
_a2018/1575 _bمصر. دار الكتب |
||
| 020 | _a9789777801225 | ||
| 040 |
_aEG-CaGPL _cEG-CaGPL |
||
| 082 | 0 | 4 |
_221 _a371.144/ _bع ك |
| 100 | 0 | _aعماد شوقى ملقى سيفين | |
| 245 | 1 | 0 |
_aكفايات معلم الكفاءات فى عصر التكنولوجيا والمعلومات / _cعماد شوقى ملقى سيفين |
| 250 | _aط.1 | ||
| 260 |
_aالقاهرة : _bعالم الكتب، _c2018. |
||
| 300 |
_a288 ص. : _bايض ؛ _c24 سم. |
||
| 504 | _aيشتمل على ارجاعات ببليوجرافية | ||
| 650 | 0 | 7 |
_2qrmak _aالمدرسون |
| 650 | 0 | 7 |
_2qrmak _aالتربويون |
| 650 | 0 | 7 |
_2qrmak _aالمدرسون _xالاشتراك فى تخطيط المناهج |
| 650 | 0 | 7 |
_2qrmak _aالمدرسون _xتدريب |
| 650 | 0 | 7 |
_2qrmak _aالمدرسون _xتقييم |
| 651 | _2qrmak | ||
| 942 |
_2ddc _cBK |
||